Statistics for San Francisco City Quiz

Click here to take the quiz!

General Stats

  • This quiz has been taken 25 times
  • The average score is 4 of 10

Answer Stats

QuestionAnswer% Correct
Which state is San Francisco located in?California
95%
Which Country Is San Francisco In?United States
77%
San Francisco is the --th most populous county In The state?12
64%
What bay does San Francisco touch?San Francisco Bay
55%
How Big is San Francisco?49 Square Miles
27%
What County Is San Francisco Under?Marin
18%
San Francisco is the --th biggest city in North America
by population
39
14%
What is the oldest bridge in San FranciscoAlvord Lake Bridge
9%
What Time Zone Is San Francisco In?Pacific Daylight
9%
What is the tallest building in San FranciscoSail Force Tower
9%

Score Distribution

Percentile by Number Answered

Percent of People with Each Score

Your Score History

You have not taken this quiz